000
00345nam a2200157Ia 4500
100
_a
Gajjar/Dhiren
650
_a
Automobiles
942
_c
BK
654
_a
Communication skills
245
_a
Communication Skills
260
_b
Students book depot
_a
Mumbai
082
_a
302.2-076
_b
GAJ
300
_a
140
546
_a
ENGLISH
999
_c
21726
_d
21726